000 00746nam a2200229 a 4500
999 _c5159
_d5159
001 5159
003 BD-JhCC
005 20171209190402.0
008 171209s1998 bg ||||| |||| 00| 0 ben d
020 _a9840737910
035 _a(BD-JhCC)5159
040 _aBD-JhCC
_dBD-JhCC
041 _aben
082 _a891.4415
_bSUL 1998
100 _aসুলতানা, আমিনুর রহমান
245 _aরাজনৈতিক চেতনা : বাংলাদেশের কবিতা /
_cআমিনুর রহমান সুলতানা
260 _aঢাকা :
_bবাংলা একাডেমী,
_c1998.
300 _a196. p.:
_c21 cm.
650 _aPolitical poem
942 _2ddc
_cBK